Cerdà i la Diputació de Barcelona : la política pràctica [Objecte] la política pràctica [Objecte]
Descripción Física:
1 carpeta ; 31 cm + 1 fulletó
MARC
| LEADER | 00000nam a2200000Ia 4500 | ||
|---|---|---|---|
| 001 | 21843 | ||
| 008 | 160829s2009 xx 000 0 cat d | ||
| 080 | |a NBM-3-22 | ||
| 245 | |a Cerdà i la Diputació de Barcelona : |b la política pràctica [Objecte] | ||
| 260 | |a Barcelona : |b Diputació de Barcelona. Àrea de Presidència, |c 2009 | ||
| 300 | |a 1 carpeta ; |c 31 cm + 1 fulletó | ||
| 590 | |a El fulletó és el resum de l'exposició celebrada del 24 d'abril al 28 d'octubre de 2009, amb motiu de l'Any Cerdà | ||
| 710 | |a Barcelona (Catalunya : Província). |b Àrea de Presidència |9 52558 | ||
| 901 | |a Arxiu | ||
| 942 | |n 1 | ||
| 952 | |0 0 |1 0 |4 0 |6 NBM322 |7 1 |9 53166 |a Arxiu |b Arxiu |d 2016-12-01 |l 0 |o NBM-3-22 |p 21843 |r 2016-12-01 00:00:00 |w 2016-12-01 |y ARXIU | ||
| 999 | |c 57015 |d 57015 | ||